01051nam a22002897a 4500999001500000001000600015003000900021005001700030008004100047020001500088040002800103082002100131245011600152250001200268260003300280300003900313500002000352505001100372650002400383650002500407700002700432700001900459700002500478942001200503952012300515952012300638 c7468d746821102BD-DhUAP20210131164410.0201202s1990 enka b 001 0 eng  a0824780442 aDLCcDLCdBD-DhUAPbeng 223a615.1901 PHA aPharmaceutical dosage forms : btablets /cedited by Herbert A. Lieberman, Leon Lachman and Joseph B. Schwartz. a2nd ed. aNew York :bDekker, cc1990. avolumes :billustrations ;c26 cm. aIncludes index. aV. 2-- aTablets (Medicine). aDrugsvDosage forms. aLieberman, Herbert A.  aLachman, Leon. aSchwartz, Joseph B.  2ddccBK 00102ddc4070aUAPCLbUAPCLcGeneral Stacksd2021-01-23o615.1901 PHA V-2p3010021102r2021-01-23t1w2021-01-23yBK 00102ddc4070aUAPCLbUAPCLcReserve Stacksd2021-01-31o615.1901 PHA V-2p3010002319r2021-01-31t2w2021-01-31yBK